000 00431nam a2200193Ia 4500
008 101110s9999 xx 000 0 und d
041 _aENGLISH
082 _bSR10901
_a657.6
100 _aPalekar G.P., Heredia R.A.
245 _aAdvertising
365 _b20
520 _aCommerce
546 _aENGLISH
630 _aAdvertising
650 _aCommerce
655 _aCommerce
730 _aAdvertising
942 _cBOOK
999 _c805780
_d805777